Doleo, ergo sum
Elmentve itt :
| Szerző: | |
|---|---|
| Adatforrás: | Meister |
| Forrásdokumentuma: | Helikon. - 17 sz., 1993, 9 p. |
| Nyelv: | magyar |
| Kulcsszavak: | irodalomtörténet kulturális intézmények Szatmárnémeti SZILÁGYI Domokos Kölcsey Kör (Szatmárnémeti) Irodalmi Társaságok Szövetsége |
| LEADER | 00512nab a2200181 i 4500 | ||
|---|---|---|---|
| 001 | bibPRO00008547 | ||
| 008 | 060524s1993 xx hun | ||
| 040 | |a Sz1 | ||
| 041 | |a hun | ||
| 100 | 1 | |a VERGA Domokos | |
| 245 | 1 | 0 | |a Doleo, ergo sum |c VERGA Domokos |
| 695 | |a irodalomtörténet | ||
| 695 | |a kulturális intézmények | ||
| 695 | |a Szatmárnémeti | ||
| 695 | |a SZILÁGYI Domokos | ||
| 695 | |a Kölcsey Kör (Szatmárnémeti) | ||
| 695 | |a Irodalmi Társaságok Szövetsége | ||
| 773 | 0 | |t Helikon. - |g 17 sz., 1993, 9 p. | |